Исследование возможности применения вихретокового метода контроля для неразрушающей оценки УЭКМ при циклическом нагружении; Новые материалы. Создание, структура, свойства - 2013

Λεπτομέρειες βιβλιογραφικής εγγραφής
Parent link:Новые материалы. Создание, структура, свойства - 2013.— 2013.— [С. 48-50]
Κύριος συγγραφέας: Клубович Г. Н.
Συγγραφή απο Οργανισμό/Αρχή: Национальный исследовательский Томский политехнический университет (ТПУ) Институт физики высоких технологий (ИФВТ) Кафедра материаловедения в машиностроении (ММС)
Άλλοι συγγραφείς: Панин С. В. Сергей Викторович, Бурков М. В. Михаил Владимирович
Περίληψη:Заглавие с экрана
Γλώσσα:Ρωσικά
Έκδοση: 2013
Σειρά:Проблемы прочности современных конструкционных материалов
Θέματα:
Διαθέσιμο Online:http://www.lib.tpu.ru/fulltext/c/2013/C39/010.pdf
Μορφή: MixedMaterials Ηλεκτρονική πηγή Κεφάλαιο βιβλίου
KOHA link:https://koha.lib.tpu.ru/cgi-bin/koha/opac-detail.pl?biblionumber=603468

MARC

LEADER 00000naa2a2200000 4500
001 603468
005 20260306141258.0
035 |a (RuTPU)RU\TPU\conf\652 
035 |a RU\TPU\conf\630 
090 |a 603468 
100 |a 20140117d2013 k y0rusy50 ca 
101 0 |a rus 
102 |a RU 
135 |a drcn ---uucaa 
181 0 |a i  
182 0 |a b 
200 1 |a Исследование возможности применения вихретокового метода контроля для неразрушающей оценки УЭКМ при циклическом нагружении  |f Г. Н. Клубович, С. В. Панин, М. В. Бурков 
203 |a Текст  |c электронный 
215 |a 1 файл(332 Kb) 
225 1 |a Проблемы прочности современных конструкционных материалов 
300 |a Заглавие с экрана 
320 |a [Библиогр.: с. 50 (1 назв.)] 
337 |a Adobe Reader 
463 1 |0 (RuTPU)RU\TPU\conf\36  |t Новые материалы. Создание, структура, свойства - 2013  |o XIII Всероссийская школа-семинар с международным участием, г. Томск, 9-13 сентября 2013 г.  |f Национальный исследовательский Томский политехнический университет (ТПУ)  |o сборник трудов  |v [С. 48-50]  |d 2013 
610 1 |a электронный ресурс 
610 1 |a труды учёных ТПУ 
610 1 |a вихретоковый метод 
610 1 |a неразрушающий анализ 
610 1 |a циклическое нагружение 
700 1 |a Клубович  |b Г. Н. 
701 1 |a Панин  |b С. В.  |c специалист в области материаловедения  |c профессор Томского политехнического университета, доктор технических наук  |f 1971-  |g Сергей Викторович  |3 (RuTPU)RU\TPU\pers\26548  |9 12237 
701 1 |a Бурков  |b М. В.  |c специалист в области материаловедения  |c ассистент кафедры Томского политехнического университета, кандидат технических наук  |f 1987-  |g Михаил Владимирович  |3 (RuTPU)RU\TPU\pers\31551 
712 0 2 |a Национальный исследовательский Томский политехнический университет (ТПУ)  |b Институт физики высоких технологий (ИФВТ)  |b Кафедра материаловедения в машиностроении (ММС)  |3 (RuTPU)RU\TPU\col\18688 
801 1 |a RU  |b 63413507  |c 20101016 
801 2 |a RU  |b 63413507  |c 20151210  |g RCR 
856 4 |u http://www.lib.tpu.ru/fulltext/c/2013/C39/010.pdf 
942 |c BK